000
00282nam a2200133Ia 4500
100
_a
Thompson/R.G
942
_c
BK
654
_a
Modular Approach
245
_a
Basic a Modular Approach
260
_b
C B S Pub.
_a
Delhi
_c
1986
082
_a
1.6
300
_a
366
546
_a
ENGLISH
999
_c
28863
_d
28863